Contemporary Challenges of AI Tools in the Context of Business Financial Analysis
Cieľom je poskytnúť podnikateľom, manažérom a iným odborníkom v oblasti správy finančného hospodárenia ucelený pohľad na dostupné postupy, nástroje a metriky pre komplexné zhodnotenie finančného hospodárenia podniku s dôrazom na implementáciu umelej inteligencie a jej budúci potenciál v oblasti mana...
Salvato in:
| Autore principale: | |
|---|---|
| Altri autori: | |
| Natura: | Capitolo di libro |
| Lingua: | inglese |
| Soggetti: | |
| Tags: |
Nessun Tag, puoi essere il primo ad aggiungerne!!
|
MARC
| LEADER | 00000naa a2200000 4500 | ||
|---|---|---|---|
| 001 | 0308805 | ||
| 005 | 20250530100712.8 | ||
| 041 | 0 | |a eng | |
| 044 | |a CZ | ||
| 245 | 1 | 0 | |a Contemporary Challenges of AI Tools in the Context of Business Financial Analysis |c Dagmar Palatová, Petr Novák |
| 520 | |a Cieľom je poskytnúť podnikateľom, manažérom a iným odborníkom v oblasti správy finančného hospodárenia ucelený pohľad na dostupné postupy, nástroje a metriky pre komplexné zhodnotenie finančného hospodárenia podniku s dôrazom na implementáciu umelej inteligencie a jej budúci potenciál v oblasti manažmentu. | ||
| 610 | 2 | 0 | |a inteligencia umelá |
| 610 | 2 | 0 | |a hospodárstvo podnikové |
| 610 | 2 | 0 | |a správa finančná |
| 610 | 2 | 0 | |a analýza finančná |
| 610 | 2 | 0 | |a zdravie podniku finančné |
| 610 | 2 | 0 | |a výkonnosť podniku |
| 100 | 1 | |a Palatová, Dagmar | |
| 700 | 1 | |a Novák, Petr | |